[Event "SVK-ch U16"]
[Site "Dudince"]
[Date "2023.04.18"]
[Round "4"]
[White "Hyza, Michal"]
[Black "Volanek, Maros"]
[Result "0-1"]
[WhiteElo "1043"]
[BlackElo "1558"]
[PlyCount "91"]
[EventDate "2023.04.16"]
[EventType "swiss"]
[EventRounds "9"]
[EventCountry "SVK"]
[SourceTitle "CBM 213 Extra"]
[Source "ChessBase"]
[SourceDate "2023.05.31"]
[SourceVersion "1"]
[SourceVersionDate "2023.05.31"]
[SourceQuality "1"]

1. e4 e6 2. Nf3 d5 3. exd5 exd5 4. d4 Bd6 5. Nc3 Ne7 6. Bb5+ Bd7 7. Bxd7+ Qxd7 8. Qe2 0-0 9. Bg5 Re8 10. 0-0 Nbc6 11. Rfe1 Na5 12. Qb5 Qxb5 13. Nxb5 Nf5 14. Nxd6 Nxd6 15. Bf4 Re4 16. Bxd6 cxd6 17. Ng5 Rxd4 18. Re2 h6 19. Nf3 Re4 20. Rae1 Rae8 21. Nd4 Nc6 22. f3 Nxd4 23. fxe4 Nxe2+ 24. Rxe2 dxe4 25. Rd2 Re6 26. Kf2 e3+ 27. Ke2 exd2+ 28. Kxd2 f5 29. Kd3 g5 30. Kd4 g4 31. Kd5 Kf7 32. c4 f4 33. c5 dxc5 34. Kxc5 f3 35. h4 gxh3 36. g3 h2 37. g4 h1N 38. g5 hxg5 39. b4 f2 40. b5 f1Q 41. a4 Qf5+ 42. Kb4 Re4+ 43. Ka5 b6+ 44. Ka6 Rxa4+ 45. Kb7 Qd7+ 46. Ka8 0-1

[Event "SVK-ch U14"]
[Site "Stara Lubovna"]
[Date "2021.06.28"]
[Round "3"]
[White "Hamas, Martin"]
[Black "Hyza, Michal"]
[Result "1-0"]
[WhiteElo "1248"]
[BlackElo "1000"]
[PlyCount "37"]
[EventDate "2021.06.26"]
[EventType "swiss"]
[EventRounds "9"]
[EventCountry "SVK"]
[SourceTitle "CBM 203 Extra"]
[Source "ChessBase"]
[SourceDate "2021.09.30"]
[SourceVersion "1"]
[SourceVersionDate "2021.09.30"]
[SourceQuality "1"]

1. e4 a6 2. d4 b5 3. Nf3 Bb7 4. d5 Nf6 5. Bd3 g6 6. b3 Bg7 7. Bb2 0-0 8. Nc3 Re8 9. 0-0 e6 10. dxe6 Rxe6 11. Re1 Nxe4 12. Bxe4 Bxe4 13. Nd4 Bxd4 14. Qxd4 Bb7 15. Nd5 f6 16. Rxe6 dxe6 17. Nxf6+ Kf7 18. Qxd8 Nc6 19. Qd7+ 1-0

[Event "SVK-ch U12"]
[Site "Lubovna"]
[Date "2020.08.21"]
[Round "8"]
[White "Kluska, Lukas"]
[Black "Hyza, Michal"]
[Result "1-0"]
[WhiteElo "1283"]
[BlackElo "1000"]
[PlyCount "49"]
[EventDate "2020.08.15"]
[EventType "swiss"]
[EventRounds "9"]
[EventCountry "SVK"]
[SourceTitle "EXT 2021"]
[Source "ChessBase"]
[SourceDate "2020.10.23"]
[SourceVersion "1"]
[SourceVersionDate "2020.10.23"]
[SourceQuality "1"]

1. e4 e5 2. Nf3 Nc6 3. Be2 Nf6 4. d3 Bc5 5. 0-0 0-0 6. Bd2 d6 7. Qc1 Bd4 8. c3 Nh5 9. cxd4 Qf6 10. d5 Qg6 11. g3 Nd4 12. Nxd4 exd4 13. Bb4 Nf4 14. Qxf4 c5 15. dxc6 bxc6 16. Qc1 c5 17. Ba3 a5 18. Nd2 Re8 19. Bf3 Qh6 20. e5 Ra7 21. exd6 Bb7 22. Bxb7 Rxb7 23. Bxc5 Re6 24. Re1 Rf6 25. Re8# 1-0

[Event "SVK-ch U12"]
[Site "Lubovna"]
[Date "2020.08.17"]
[Round "3"]
[White "Hyza, Michal"]
[Black "Petrus, Daniel"]
[Result "0-1"]
[WhiteElo "1000"]
[BlackElo "1383"]
[PlyCount "74"]
[EventDate "2020.08.15"]
[EventType "swiss"]
[EventRounds "9"]
[EventCountry "SVK"]
[SourceTitle "EXT 2021"]
[Source "ChessBase"]
[SourceDate "2020.10.23"]
[SourceVersion "1"]
[SourceVersionDate "2020.10.23"]
[SourceQuality "1"]

1. d4 d5 2. c4 e6 3. Nc3 Nf6 4. g3 Nbd7 5. Bg2 c6 6. Nf3 Bb4 7. Qd3 Bxc3+ 8. bxc3 Qb6 9. Nd2 c5 10. Rb1 Qa5 11. e4 dxe4 12. Nxe4 cxd4 13. Nxf6+ Nxf6 14. Qxd4 Qa6 15. 0-0 0-0 16. Bg5 Nd7 17. Qg4 Ne5 18. Qe4 Nxc4 19. Rfd1 Nd6 20. Qd4 Nf5 21. Qd8 f6 22. Qc7 fxg5 23. Rd8 Rxd8 24. Qxd8+ Kf7 25. Qxg5 Qxa2 26. Rd1 Qe2 27. Rd8 h6 28. Qh5+ Qxh5 29. Rd3 a5 30. Bf3 Qg5 31. h4 Nxh4 32. Be4 Qc1+ 33. Kh2 Nf5 34. Bxf5 exf5 35. c4 a4 36. Ra3 Qxa3 37. c5 Ra5 0-1

[Event "SVK-chT5 SE-SI 1920"]
[Site "Slovakia"]
[Date "2020.02.15"]
[Round "7.4"]
[White "Hyza, Michal"]
[Black "Hargas, Marek"]
[Result "1-0"]
[WhiteElo "1000"]
[BlackElo "1000"]
[PlyCount "47"]
[EventDate "2019.10.19"]
[EventType "team-tourn"]
[EventRounds "14"]
[EventCountry "SVK"]
[SourceTitle "CBM 195 Extra"]
[Source "ChessBase"]
[SourceDate "2020.05.31"]
[SourceVersion "1"]
[SourceVersionDate "2020.05.31"]
[SourceQuality "1"]
[WhiteTeam "Gbely Nafta IV"]
[BlackTeam "Myjava Spartak II"]
[WhiteTeamCountry "SVK"]
[BlackTeamCountry "SVK"]

1. d4 d5 2. Nf3 e6 3. Bf4 Nf6 4. e3 h6 5. Bd3 c5 6. c3 c4 7. Bc2 Be7 8. Nbd2 Nc6 9. b3 b5 10. bxc4 bxc4 11. Rb1 0-0 12. 0-0 Qa5 13. Ba4 Bd7 14. Qc2 Nh5 15. Rb7 Qd8 16. a3 Nxf4 17. Qd1 Nd3 18. Bc2 Rb8 19. Rxb8 Qxb8 20. Bb1 Bxa3 21. Qc2 Bd6 22. Ne1 Bxh2+ 23. Kh1 Nxe1 24. Qh7# 1-0

[Event "SVK-chT5 SE-SI 1920"]
[Site "Slovakia"]
[Date "2020.01.18"]
[Round "5.5"]
[White "Ralbovsky, Milan"]
[Black "Hyza, Michal"]
[Result "1-0"]
[WhiteElo "1271"]
[BlackElo "1000"]
[PlyCount "27"]
[EventDate "2019.10.19"]
[EventType "team-tourn"]
[EventRounds "14"]
[EventCountry "SVK"]
[SourceTitle "CBM 194 Extra"]
[Source "ChessBase"]
[SourceDate "2020.03.31"]
[SourceVersion "1"]
[SourceVersionDate "2020.03.31"]
[SourceQuality "1"]
[WhiteTeam "Jabuca Petrova Ves Gbely V"]
[BlackTeam "Gbely Nafta IV"]
[WhiteTeamCountry "SVK"]
[BlackTeamCountry "SVK"]

1. e4 e5 2. Qh5 g6 3. Qxe5+ Be7 4. Qxh8 Kf8 5. b3 Bf6 6. Qxh7 Bxa1 7. Bc4 d5 8. Bxd5 Be6 9. Bxb7 Nf6 10. Qh8+ Ng8 11. Qxa1 Nc6 12. Bxc6 Rb8 13. Ba3+ Ne7 14. Qh8# 1-0